000 00468nam a2200181Ia 4500
008 100917s9999 xx 000 0 und d
082 _b35759
100 _aदत्ता केशव
245 _aमवाली
260 _bमेहता पब्लीशर्स हाऊस
_c1978
300 _a71
365 _b8
520 _aनाटक
630 _aमवाली
650 _aनाटक
730 _aमवाली
942 _cBOOK
999 _c641153
_d641150